Sci-Fi Movies by Synonym - Statistics

General Stats
  • This quiz has been taken 23 times
  • The average score is 12 of 20
Answer Stats
Hint Answer % Correct
Return to the Time Ahead Back to the Future
100%
Knife Sprinter Blade Runner
100%
World of the Simians Planet of the Apes
95%
Stellar Conflicts: A Novel Aspiration Star Wars: A New Hope
89%
The Eliminator The Terminator
89%
A Dozen Primates 12 Monkeys
79%
Brink of the Next Day Edge of Tomorrow
74%
Aqua Realm Waterworld
74%
Luminary Odyssey: The Anger of Genghis Star Trek: The Wrath of Khan
68%
Complete Recollection Total Recall
68%
Foreigner Against Hunter Alien Versus Predator
58%
Offspring of Blokes Children of Men
58%
The Grid The Matrix
47%
MMI: A Cosmic Voyage 2001: A Space Odyssey
42%
The Quinary Constituent The Fifth Element
37%
The Ferrous Behemoth The Iron Giant
37%
The Missing Planet The Lost World
26%
Scotsman Highlander
21%
The Spectre in the Husk The Ghost in the Shell
16%
Peaceful Edge Pacific Rim
0%
No matching quizzes found
Score Distribution
Percent of People with Each Score
Percentile by Number Answered
Your Score History
You have not taken this quiz